| 000 | 00912cam a2200301 a 4500 | ||
|---|---|---|---|
| 008 | 010827s2002 maua 001 0 eng | ||
| 010 | _a 2001131470 | ||
| 020 | _a061813087X | ||
| 040 |
_aDLC _cDLC |
||
| 050 | 0 | 0 |
_aQA531 _b.A87 2002 |
| 082 | 0 | 0 |
_a516.24 _221 |
| 092 | 0 | 4 |
_a516.24 _bA918 2002 _221 |
| 099 |
_a04 _a516.24 A918 2002 |
||
| 100 | 1 | _aAufmann, Richard N. | |
| 245 | 1 | 0 |
_aCollege trigonometry / _cRichard N. Aufmann, Vernon C. Barker, Richard D. Nation. |
| 250 | _a4th ed. | ||
| 260 |
_aBoston : _bHoughton Mifflin Co., _cc2002. |
||
| 300 |
_a1 v. (various pagings) : _bcol. ill. ; _c26 cm. |
||
| 500 | _aIncludes index. | ||
| 650 | 0 | _aTrigonometry. | |
| 700 | 1 | _aBarker, Vernon C. | |
| 700 | 1 | _aNation, Richard. | |
| 902 | _a1 | ||
| 905 |
_aEman _eRev. |
||
| 905 |
_aJamal _eCat. |
||
| 942 |
_2ddc _cBK |
||
| 999 |
_c116911 _d116911 |
||